[Event "Transnational Crown"]
[Site "Montreal CAN"]
[Date "2023.06.10"]
[Round "6.8"]
[White "Meshkovs, Nikita"]
[Black "Heimann, Mark"]
[Result "1/2-1/2"]
[WhiteElo "2573"]
[BlackElo "2426"]
[PlyCount "79"]
[EventDate "2023.06.06"]
[EventType "swiss"]
[EventRounds "9"]
[EventCountry "CAN"]

1. Nf3 Nf6 2. g3 d5 3. Bg2 c6 4. O-O Bf5 5. d3 h6 6. c4 Nbd7 7. Nc3 e6 8. Bf4
Be7 9. cxd5 exd5 10. e4 dxe4 11. dxe4 Nxe4 12. Nd4 Nxc3 13. bxc3 Bg6 14. Re1
O-O 15. Bxc6 Qc8 16. Bg2 Bf6 17. Nb5 Nc5 18. Re3 Ne6 19. Nd6 Qd7 20. Nxb7 Qxd1+
21. Rxd1 Nxf4 22. gxf4 Rac8 23. f5 Bxf5 24. Nd6 Rc5 25. Rd5 Rxd5 26. Bxd5 Rd8
27. Bxf7+ Kf8 28. Nxf5 Kxf7 29. c4 Rd2 30. Ra3 Kg6 31. Ne3 Bh4 32. Ng4 h5 33.
Ne5+ Kf5 34. Nd3 Ke4 35. Nc5+ Kf5 36. Rf3+ Ke5 37. Re3+ Kf5 38. Rf3+ Ke5 39.
Re3+ Kf5 40. Rf3+ 1/2-1/2

[Event "Transnational Crown"]
[Site "Montreal CAN"]
[Date "2023.06.10"]
[Round "6.9"]
[White "Vidyarthi, Vyom"]
[Black "Lenderman, Alexandr"]
[Result "1-0"]
[WhiteElo "2436"]
[BlackElo "2566"]
[PlyCount "91"]
[EventDate "2023.06.06"]
[EventType "swiss"]
[EventRounds "9"]
[EventCountry "CAN"]

1. Nf3 c5 2. e3 Nf6 3. c4 g6 4. Nc3 Bg7 5. d4 cxd4 6. exd4 O-O 7. d5 e6 8. Be2
exd5 9. cxd5 d6 10. O-O Re8 11. Re1 Nbd7 12. Bf4 Nc5 13. Rc1 a6 14. h3 Nfe4 15.
Nxe4 Rxe4 16. Bg5 Bf6 17. Qd2 Bf5 18. b4 Na4 19. Be3 Re8 20. Nd4 Be4 21. Nb3
Nb6 22. Na5 Nxd5 23. Bh6 Ne7 24. Bg4 Bc6 25. Nc4 Qc7 26. a4 d5 27. Bf4 Qd8 28.
Nd6 Rf8 29. b5 axb5 30. axb5 Bd7 31. Nxb7 Qb6 32. Bxd7 Qxb7 33. Rc7 Qb6 34. Bc6
Ra7 35. Rxa7 Qxa7 36. Bxd5 Qc5 37. Bf3 Nf5 38. Rb1 Rd8 39. Qc1 Qe7 40. b6 Be5
41. Bxe5 Qxe5 42. Qc7 Qe8 43. b7 Rb8 44. Ra1 Kg7 45. Qxb8 Qxb8 46. Ra8 1-0

[Event "Transnational Crown"]
[Site "Montreal CAN"]
[Date "2023.06.10"]
[Round "6.12"]
[White "Ortiz Suarez, Isan Reynaldo"]
[Black "Msellek, Ilyass"]
[Result "1/2-1/2"]
[WhiteElo "2503"]
[BlackElo "2405"]
[PlyCount "53"]
[EventDate "2023.06.06"]
[EventType "swiss"]
[EventRounds "9"]
[EventCountry "CAN"]

1. Nf3 d5 2. c4 e6 3. g3 Nf6 4. Bg2 d4 5. O-O Nc6 6. d3 e5 7. a3 a5 8. Bg5 Be7
9. Nbd2 Nd7 10. Bxe7 Qxe7 11. Ne1 O-O 12. Nc2 a4 13. b4 axb3 14. Nxb3 Na5 15.
Nxa5 Rxa5 16. Qd2 Ra4 17. Rab1 Nc5 18. Rb4 Ra6 19. e3 dxe3 20. fxe3 h5 21. d4
Nd7 22. Bxb7 Bxb7 23. Rxb7 h4 24. Nb4 Rg6 25. Nd5 Qd8 26. Rxc7 hxg3 27. h3 {
Rest of game unreadable. 1/2-1/2 in 52 moves.} 1/2-1/2

[Event "Transnational Crown"]
[Site "Montreal CAN"]
[Date "2023.06.10"]
[Round "6.13"]
[White "Lee, Alice"]
[Black "Sambuev, Bator"]
[Result "1-0"]
[WhiteElo "2390"]
[BlackElo "2448"]
[PlyCount "91"]
[EventDate "2023.06.06"]
[EventType "swiss"]
[EventRounds "9"]
[EventCountry "CAN"]

1. d4 Nf6 2. c4 e6 3. Nf3 d5 4. Nc3 a6 5. cxd5 exd5 6. Bg5 Be6 7. e3 Nbd7 8.
Bd3 h6 9. Bh4 g5 10. Bg3 Nh5 11. Be5 Ng7 12. e4 dxe4 13. Bxe4 g4 14. Bxg7 Bxg7
15. d5 Nc5 16. dxe6 Qxd1+ 17. Rxd1 Nxe4 18. Nxe4 gxf3 19. Rd7 Be5 20. Rxf7 Rf8
21. Rxf3 Rxf3 22. gxf3 Ke7 23. b3 Rg8 24. Ke2 b6 25. Ke3 Rf8 26. Ng3 Kxe6 27.
Ne2 Rd8 28. f4 Bf6 29. Rc1 c5 30. Rc2 Rd1 31. Rd2 Rxd2 32. Kxd2 Kf5 33. Ke3 Kg4
34. Ke4 h5 35. f5 b5 36. Nf4 c4 37. bxc4 bxc4 38. Nd5 Bh8 39. f6 h4 40. f7 Bg7
41. Nf4 c3 42. h3+ Kg5 43. Ne6+ Kg6 44. f8=Q Bxf8 45. Nxf8+ Kf7 46. Nd7 1-0

[Event "Transnational Crown"]
[Site "Montreal CAN"]
[Date "2023.06.10"]
[Round "6.14"]
[White "Cruz, Cristhian"]
[Black "Dukic, Zachary"]
[Result "1-0"]
[WhiteElo "2522"]
[BlackElo "2151"]
[PlyCount "85"]
[EventDate "2023.06.06"]
[EventType "swiss"]
[EventRounds "9"]
[EventCountry "CAN"]

1. d4 Nf6 2. c4 g6 3. Nc3 d5 4. cxd5 Nxd5 5. Bd2 c5 6. e4 Nxc3 7. Bxc3 cxd4 8.
Bxd4 e5 9. Bc3 Nc6 10. Qxd8+ Kxd8 11. Bc4 f6 12. O-O-O+ Kc7 13. Ne2 Bd7 14. a3
Bc5 15. f3 Rad8 16. b4 Bb6 17. Bb2 Kb8 18. Rd6 Rhf8 19. Rhd1 Bc8 20. Rxd8 Rxd8
21. Rxd8 Bxd8 22. Bg8 h6 23. Bh7 Ne7 24. f4 Bc7 25. Kd2 Be6 26. Ng1 g5 27. fxe5
Bxe5 28. Bxe5+ fxe5 29. Nf3 Nc6 30. Bf5 Bxf5 31. exf5 Kc7 32. Ke3 Kd6 33. Ke4
g4 34. Nd2 b5 35. Nb3 Nd8 36. Nc5 Nf7 37. f6 h5 38. Kf5 Kd5 39. Kg6 Nd6 40. Nb7
e4 41. Nxd6 e3 42. Ne4 Kd4 43. Ng3 1-0

[Event "Transnational Crown"]
[Site "Montreal CAN"]
[Date "2023.06.10"]
[Round "6.16"]
[White "Han, Johnathan"]
[Black "Hua, Eugene"]
[Result "1-0"]
[WhiteElo "2140"]
[BlackElo "2275"]
[PlyCount "93"]
[EventDate "2023.06.06"]
[EventType "swiss"]
[EventRounds "9"]
[EventCountry "CAN"]

1. e4 d5 2. exd5 Nf6 3. d4 Nxd5 4. Nf3 g6 5. Be2 Bg7 6. O-O O-O 7. h3 Nc6 8.
Re1 Nb6 9. c3 e5 10. dxe5 Qxd1 11. Bxd1 Nc4 12. Bc2 Re8 13. Nbd2 N4xe5 14. Nd4
Re7 15. Nxc6 Nxc6 16. Rxe7 Nxe7 17. Nf3 Be6 18. Bf4 c6 19. Ng5 Bf5 20. Bxf5
Nxf5 21. Rd1 Bh6 22. Rd7 Re8 23. g4 Nh4 24. Kf1 b5 25. Rxa7 f6 26. Nxh7 Bxf4
27. Nxf6+ Kf8 28. Nxe8 Kxe8 29. Ke2 g5 30. Kd3 Ng6 31. Ke4 Bc1 32. b3 Ne7 33.
c4 bxc4 34. bxc4 Kf7 35. a4 Ke6 36. a5 Nc8 37. Rh7 Ba3 38. Rc7 Nd6+ 39. Kd3 Ne8
40. Rb7 Nd6 41. a6 Nxb7 42. a7 Nc5+ 43. Ke2 Bc1 44. a8=Q Kd7 45. Qa7+ Kd6 46.
Qa1 Nb3 47. Qc3 1-0

[Event "Transnational Crown"]
[Site "Montreal CAN"]
[Date "2023.06.10"]
[Round "6.18"]
[White "Demchenko, Svitlana"]
[Black "Krishnan, Varun"]
[Result "1/2-1/2"]
[WhiteElo "2173"]
[BlackElo "2378"]
[PlyCount "104"]
[EventDate "2023.06.06"]
[EventType "swiss"]
[EventRounds "9"]
[EventCountry "CAN"]

1. d4 d5 2. Nf3 Nf6 3. c3 e6 4. Bf4 Bd6 5. Bg3 b6 6. e3 Bb7 7. Nbd2 O-O 8. Ne5
Nbd7 9. Bd3 Ne4 10. f3 Nxd2 11. Qxd2 f5 12. Qe2 c5 13. O-O Nxe5 14. dxe5 Bc7
15. Rad1 Qe7 16. Rfe1 c4 17. Bc2 b5 18. Qd2 Rad8 19. a4 a6 20. axb5 axb5 21. b4
cxb3 22. Bxb3 Qc5 23. Ra1 f4 24. Bf2 Bxe5 25. exf4 Qxc3 26. Qe2 Bd4 27. Qxe6+
Kh8 28. Bxd4 Qxd4+ 29. Kh1 Qc3 30. Ra7 Rb8 31. Qe7 Rg8 32. h3 h6 33. Re3 Qc1+
34. Re1 Qb2 35. Rxb7 Rxb7 36. Qxb7 Qxb3 37. Re5 Qc3 38. Qxd5 b4 39. Qc5 Qa1+
40. Qg1 Qa6 41. Qb1 Rb8 42. Qb3 Qf1+ 43. Kh2 Qf2 44. Re4 Qd2 45. Kg3 Kh7 46. h4
Qd6 47. Re6 Qd4 48. h5 Kh8 49. Re4 Qc5 50. Re5 Qd6 51. Kh3 Qd4 52. Qf7 Qd8
1/2-1/2

[Event "Transnational Crown"]
[Site "Montreal CAN"]
[Date "2023.06.10"]
[Round "6.19"]
[White "Tanaka, Tyler"]
[Black "Golubeva, Oksana"]
[Result "1-0"]
[WhiteElo "2315"]
[BlackElo "2179"]
[PlyCount "57"]
[EventDate "2023.06.06"]
[EventType "swiss"]
[EventRounds "9"]
[EventCountry "CAN"]

1. d4 Nf6 2. c4 e6 3. Nf3 d5 4. g3 Bb4+ 5. Bd2 Be7 6. Bg2 Ne4 7. O-O Nd7 8. Nc3
O-O 9. Qc2 f5 10. cxd5 Nxc3 11. bxc3 exd5 12. c4 Nf6 13. cxd5 Nxd5 14. Ne5 c6
15. Rab1 Bf6 16. e4 Nc7 17. Rfd1 Qxd4 18. Bf4 Qxe5 19. Bxe5 Bxe5 20. Qc5 Bf6
21. e5 Ne6 22. Qc4 Bd8 23. Rd6 Re8 24. Rxb7 Kh8 25. Bxc6 Bxb7 26. Bxb7 Nc7 27.
Bxa8 Nxa8 28. Qc6 Nc7 29. Qxe8+ 1-0

[Event "Transnational Crown"]
[Site "Montreal CAN"]
[Date "2023.06.10"]
[Round "6.20"]
[White "Johnson, Donald"]
[Black "Cervantes Landeiro, Thalia"]
[Result "1/2-1/2"]
[WhiteElo "2160"]
[BlackElo "2271"]
[PlyCount "145"]
[EventDate "2023.06.06"]
[EventType "swiss"]
[EventRounds "9"]
[EventCountry "CAN"]

1. e4 e5 2. Nf3 Nc6 3. Bb5 a6 4. Ba4 Nf6 5. O-O Be7 6. Re1 b5 7. Bb3 O-O 8. c3
d5 9. exd5 Nxd5 10. Nxe5 Nxe5 11. Rxe5 c6 12. d4 Bd6 13. Re1 Qh4 14. g3 Qh3 15.
Qe2 Bg4 16. Qf1 Qh5 17. Nd2 Rae8 18. Rxe8 Rxe8 19. f3 Bh3 20. Qf2 f5 21. Nf1 f4
22. Bxf4 Bxf4 23. gxf4 Kf8 24. Ng3 Qg6 25. Bc2 Qh6 26. Re1 Qxf4 27. Bxh7 Rxe1+
28. Qxe1 b4 29. Be4 a5 30. Kf2 Be6 31. a3 Qh4 32. Kg1 bxc3 33. bxc3 Qf4 34. Nf1
Qg5+ 35. Ng3 Qf4 36. Nf1 Qg5+ 37. Qg3 Qxg3+ 38. Nxg3 Nxc3 39. Bxc6 Bb3 40. Kf2
Nb1 41. Ne4 Nxa3 42. Nc5 Bf7 43. Nb7 Nc2 44. d5 Nb4 45. Nxa5 Nxd5 46. Nb7 Nb4
47. Be4 Ke7 48. Ke3 g5 49. Kd4 Kf6 50. Nc5 Be8 51. Bb1 Nc6+ 52. Ke3 Ke5 53. Bd3
Ne7 54. Be4 Nc8 55. Nd3+ Kf6 56. Nf2 Bd7 57. Nd1 Nd6 58. Bd3 Ke5 59. Kf2 g4 60.
fxg4 Bxg4 61. Ne3 Kf4 62. Ng2+ Kg5 63. Ke3 Nf5+ 64. Kf2 Nh4 65. Ne3 Bd7 66. Nc4
Kf4 67. Nb6 Bc6 68. Nc8 Nf3 69. Ne7 Nxh2 70. Nxc6 Ng4+ 71. Ke2 Ne5 72. Nd4 Nxd3
73. Kxd3 1/2-1/2

[Event "Transnational Crown"]
[Site "Montreal CAN"]
[Date "2023.06.10"]
[Round "6.21"]
[White "Kantane, Anna"]
[Black "Plotkin, Victor"]
[Result "1/2-1/2"]
[WhiteElo "2260"]
[BlackElo "2170"]
[PlyCount "94"]
[EventDate "2023.06.06"]
[EventType "swiss"]
[EventRounds "9"]
[EventCountry "CAN"]

1. e4 e5 2. Nf3 Nf6 3. d4 Nxe4 4. Bd3 Nc6 5. d5 Nf6 6. Nc3 Nb4 7. Nxe5 Nxd3+ 8.
Nxd3 Be7 9. Qf3 d6 10. h3 Bd7 11. O-O O-O 12. a4 c6 13. Nf4 Rc8 14. Qd3 Re8 15.
Be3 c5 16. g4 h6 17. Nce2 Bf8 18. Ng3 c4 19. Qd4 a6 20. Ngh5 Nxh5 21. Nxh5 Qh4
22. Bxh6 Re5 23. Bf4 Rxh5 24. Bg3 Rxd5 25. Qxd5 Qxh3 26. Qh5 Qxg4 27. Qxg4 Bxg4
28. f3 Bf5 29. c3 d5 30. Rfe1 f6 31. Bf2 Kf7 32. Kg2 g5 33. Bd4 Bd6 34. Rh1 Rg8
35. Rh6 Bg6 36. Rah1 Re8 37. Kf2 Bf4 38. Rh8 Re6 39. Rd8 Bd3 40. Rxd5 Re2+ 41.
Kg1 Re1+ 42. Kg2 Re2+ 43. Kg1 Rxb2 44. Rh6 Rb1+ 45. Kg2 Rb2+ 46. Kg1 Rb1+ 47.
Kg2 Rb2+ 1/2-1/2

[Event "Transnational Crown"]
[Site "Montreal CAN"]
[Date "2023.06.10"]
[Round "6.22"]
[White "Song, Edward"]
[Black "Lawson, Eric"]
[Result "1/2-1/2"]
[WhiteElo "2375"]
[BlackElo "2217"]
[PlyCount "114"]
[EventDate "2023.06.06"]
[EventType "swiss"]
[EventRounds "9"]
[EventCountry "CAN"]

1. e4 e5 2. Nc3 Nf6 3. g3 d5 4. exd5 Nxd5 5. Bg2 Nxc3 6. bxc3 Nc6 7. Nf3 Bc5 8.
O-O O-O 9. d3 Bg4 10. h3 Bh5 11. Re1 Re8 12. Be3 Bb6 13. g4 Bg6 14. Nd2 Rb8 15.
a4 f6 16. Ne4 Bxe3 17. fxe3 a5 18. Rf1 Ne7 19. Qf3 Nc8 20. Rfb1 b6 21. c4 Nd6
22. Nxd6 Qxd6 23. Qd5+ Qxd5 24. Bxd5+ Bf7 25. e4 Red8 26. Rb5 Kf8 27. Bxf7 Kxf7
28. Rab1 Ke7 29. Kf2 Kd6 30. Ke3 Kc6 31. g5 Kd6 32. c5+ Kc6 33. gxf6 gxf6 34.
Rf1 Rf8 35. c3 bxc5 36. Rxb8 Rxb8 37. Rxf6+ Kd7 38. Rf7+ Kd6 39. Rf6+ Kd7 40.
Rf7+ Kd6 41. Rxh7 Rb3 42. Rh6+ Kd7 43. c4 Ra3 44. Ra6 Rxa4 45. h4 Ra1 46. Kf3
Rd1 47. Rxa5 Rxd3+ 48. Kg4 Kd6 49. Ra4 c6 50. Ra6 Re3 51. Kf5 Rf3+ 52. Kg5 Rg3+
53. Kf5 Rf3+ 54. Kg5 Rg3+ 55. Kf5 Rf3+ 56. Kg6 Rg3+ 57. Kf5 Rf3+ 1/2-1/2

[Event "Transnational Crown"]
[Site "Montreal CAN"]
[Date "2023.06.10"]
[Round "6.23"]
[White "Xu, Daniel"]
[Black "Zheng, Richard"]
[Result "0-1"]
[WhiteElo "2276"]
[BlackElo "2192"]
[PlyCount "86"]
[EventDate "2023.06.06"]
[EventType "swiss"]
[EventRounds "9"]
[EventCountry "CAN"]

1. e4 c6 2. d4 d5 3. exd5 cxd5 4. c4 Nf6 5. Nc3 Nc6 6. Bg5 Be6 7. a3 g6 8. Bxf6
exf6 9. c5 Bg7 10. Nge2 f5 11. g3 Qf6 12. Bg2 Nxd4 13. O-O Nxe2+ 14. Qxe2 O-O
15. Qb5 Rab8 16. Nxd5 Qxb2 17. Rab1 Qxa3 18. Ne7+ Kh8 19. Nc6 bxc6 20. Qxb8
Rxb8 21. Rxb8+ Bf8 22. Rxf8+ Kg7 23. Ra8 Qxc5 24. Ra1 Qd4 25. R8xa7 c5 26. Rc1
f4 27. Ra3 h5 28. Rac3 c4 29. Bf3 fxg3 30. hxg3 h4 31. gxh4 Qxh4 32. Kf1 g5 33.
Ke1 g4 34. Be2 Qh1+ 35. Kd2 Qg2 36. Rxc4 Qxf2 37. R4c3 Qd4+ 38. Ke1 f5 39. Rc7+
Kf6 40. R7c3 Kg5 41. Kf1 Bd5 42. Bc4 Qf4+ 43. Kg1 Bf3 0-1

[Event "Transnational Crown"]
[Site "Montreal CAN"]
[Date "2023.06.10"]
[Round "7.1"]
[White "Kantans, Toms"]
[Black "Liang, Awonder"]
[Result "1-0"]
[WhiteElo "2486"]
[BlackElo "2651"]
[PlyCount "129"]
[EventDate "2023.06.06"]
[EventType "swiss"]
[EventRounds "9"]
[EventCountry "CAN"]

1. e4 e5 2. Nf3 Nc6 3. d4 exd4 4. Nxd4 Nf6 5. Nxc6 bxc6 6. e5 Qe7 7. Qe2 Nd5 8.
c4 Nb6 9. Nc3 Qe6 10. Qe4 g6 11. Bd2 Bb7 12. O-O-O O-O-O 13. Bg5 Re8 14. Bf6
Rg8 15. Be2 h5 16. Rhe1 d6 17. c5 Nd7 18. cxd6 Nxf6 19. exf6 Bh6+ 20. f4 cxd6
21. Qa4 Qxf6 22. g3 Kb8 23. Ba6 Re7 24. Bxb7 Rxb7 25. Qxc6 Qd8 26. Rxd6 Qc8 27.
Qd5 Bg7 28. Re3 Qc7 29. Rc6 Qd7 30. Qxd7 Rxd7 31. Ne4 Rgd8 32. Re2 Re7 33. Nc3
Red7 34. Ne4 h4 35. Kc2 Re7 36. Nc3 Rxe2+ 37. Nxe2 Re8 38. Nc1 hxg3 39. hxg3
Re3 40. b4 Rxg3 41. Nd3 Rh3 42. b5 Rh2+ 43. Kb3 Rd2 44. Nb4 Rb2+ 45. Kc4 Kb7
46. a4 Bf8 47. Nd3 Ra2 48. Rf6 Rxa4+ 49. Kd5 Ba3 50. Ne5 Bc1 51. Nc4 Kc7 52.
Rxf7+ Kd8 53. Kc5 Ba3+ 54. Kd5 Bc1 55. Rf6 Ke7 56. Re6+ Kd8 57. Re4 Ra2 58. Ne5
Rg2 59. Ke6 Bb2 60. Ra4 Re2 61. Rxa7 g5 62. b6 Kc8 63. Kf5 Rc2 64. b7+ Kb8 65.
Nd7+ 1-0

[Event "Transnational Crown"]
[Site "Montreal CAN"]
[Date "2023.06.10"]
[Round "7.3"]
[White "Rodrigue-Lemieux, Shawn"]
[Black "Woodward, Andy"]
[Result "1-0"]
[WhiteElo "2469"]
[BlackElo "2466"]
[PlyCount "143"]
[EventDate "2023.06.06"]
[EventType "swiss"]
[EventRounds "9"]
[EventCountry "CAN"]

1. e4 c5 2. Nf3 d6 3. Bb5+ Bd7 4. Bxd7+ Nxd7 5. O-O Ngf6 6. Qe2 e6 7. d4 cxd4
8. Nxd4 Rc8 9. c4 Qa5 10. b3 Qe5 11. Bb2 Qxe4 12. Qd2 Qg6 13. Nc3 a6 14. f4 Qh5
15. f5 e5 16. Rae1 Be7 17. Nc2 O-O 18. Re3 Qg5 19. Qe1 h5 20. Bc1 Qh6 21. Rxe5
Qxc1 22. Qxc1 dxe5 23. Kh1 b5 24. Ne3 Nb6 25. Qd1 bxc4 26. bxc4 Rfd8 27. Ncd5
Nbxd5 28. Nxd5 Nxd5 29. cxd5 Rc5 30. Qxh5 Rcxd5 31. g4 e4 32. g5 e3 33. h4 Re5
34. Re1 Bb4 35. Re2 Rd2 36. f6 gxf6 37. Qg4 f5 38. Qxb4 Rb5 39. Qc4 Rb1+ 40.
Kg2 Rbb2 41. Qc8+ Kh7 42. Qxf5+ Kg8 43. Qc8+ Kh7 44. g6+ fxg6 45. Qc7+ Kh6 46.
Qf4+ Kh7 47. Qf7+ Kh6 48. Qf8+ Kh7 49. Qe7+ Kg8 50. Rxd2 exd2 51. Qd8+ Kh7 52.
Kg3 Rxa2 53. Qe7+ Kh6 54. Qd8 Kh7 55. Kf3 Ra5 56. Qd7+ Kg8 57. Qxd2 Rf5+ 58.
Ke4 a5 59. Qh6 Kf7 60. Qh7+ Kf6 61. Qg8 Rh5 62. Kf3 g5 63. Qd8+ Kg6 64. Qd6+
Kf5 65. Qc5+ Kg6 66. Qb6+ Kg7 67. Kg4 Rxh4+ 68. Kxg5 Rb4 69. Qc7+ Kh8 70. Kf6
Rg4 71. Qc8+ Rg8 72. Qh3# 1-0

[Event "Transnational Crown"]
[Site "Montreal CAN"]
[Date "2023.06.10"]
[Round "7.5"]
[White "Bosiocic, Marin"]
[Black "Vidyarthi, Vyom"]
[Result "1-0"]
[WhiteElo "2543"]
[BlackElo "2436"]
[PlyCount "83"]
[EventDate "2023.06.06"]
[EventType "swiss"]
[EventRounds "9"]
[EventCountry "CAN"]

1. d4 d5 2. c4 c6 3. Nf3 Nf6 4. Nc3 dxc4 5. a4 Bf5 6. Ne5 Nbd7 7. Nxc4 Nb6 8.
Ne5 a5 9. e3 g6 10. Bd3 Bxd3 11. Nxd3 Bg7 12. O-O Nbd5 13. Qb3 Qb6 14. Qxb6
Nxb6 15. b3 O-O 16. Bd2 Rfd8 17. Rac1 Nfd7 18. Ne4 Nc8 19. Nec5 Nd6 20. Nxd7
Rxd7 21. Rfd1 Rc7 22. Rc5 b6 23. Rc2 Rac8 24. Rdc1 Kf8 25. b4 axb4 26. Nxb4 Ra7
27. Nd5 b5 28. Nb6 Rcc7 29. a5 Ke8 30. Nd5 Rcb7 31. Rxc6 Nc4 32. Nb6 Nxb6 33.
axb6 Ra6 34. Rc8+ Kd7 35. R8c7+ Rxc7 36. Rxc7+ Kd6 37. Bb4+ Kd5 38. e4+ Kxe4
39. Rxe7+ Kxd4 40. b7 Ra1+ 41. Be1 Be5 42. Rxe5 1-0

[Event "Transnational Crown"]
[Site "Montreal CAN"]
[Date "2023.06.10"]
[Round "7.6"]
[White "Meshkovs, Nikita"]
[Black "Lee, Alice"]
[Result "1-0"]
[WhiteElo "2573"]
[BlackElo "2390"]
[PlyCount "97"]
[EventDate "2023.06.06"]
[EventType "swiss"]
[EventRounds "9"]
[EventCountry "CAN"]

1. c4 c6 2. Nf3 d5 3. e3 Nf6 4. Nc3 Nbd7 5. d4 e6 6. Qc2 b6 7. Rg1 Bb7 8. g4
dxc4 9. g5 Nd5 10. Bxc4 c5 11. Qe4 Nxc3 12. Qxb7 Rb8 13. Qa6 Nd5 14. Bxd5 exd5
15. Bd2 Qc8 16. Qxc8+ Rxc8 17. dxc5 Nxc5 18. Ke2 a5 19. Bc3 Ne4 20. Rac1 Nxc3+
21. Rxc3 Rxc3 22. bxc3 Kd7 23. Rd1 Ke6 24. Nd4+ Kd7 25. h4 g6 26. Nf3 Ke6 27.
Nd4+ Kd7 28. Kf3 h6 29. Ne2 Kc6 30. Nf4 hxg5 31. hxg5 Bd6 32. Nxd5 Rh3+ 33. Ke2
Rh4 34. Nxb6 Be7 35. Nd7 Re4 36. Rd4 Rxd4 37. Ne5+ Kb5 38. exd4 Ka4 39. f4 Ka3
40. Nc4+ Ka4 41. Kd3 f6 42. gxf6 Bxf6 43. d5 g5 44. fxg5 Bxg5 45. d6 Bf6 46. d7
Bh4 47. Ke4 Bf6 48. Kd5 Kb5 49. Ne5 1-0

[Event "Transnational Crown"]
[Site "Montreal CAN"]
[Date "2023.06.10"]
[Round "7.8"]
[White "Neiksans, Arturs"]
[Black "Posthuma, Joshua"]
[Result "1-0"]
[WhiteElo "2605"]
[BlackElo "2457"]
[PlyCount "63"]
[EventDate "2023.06.06"]
[EventType "swiss"]
[EventRounds "9"]
[EventCountry "CAN"]

1. e4 c6 2. Nf3 d5 3. d3 Qc7 4. Nc3 dxe4 5. Nxe4 Nf6 6. Qe2 Nxe4 7. Qxe4 Nd7 8.
g3 Nf6 9. Qe2 Bg4 10. Bg2 e6 11. h3 Bxf3 12. Bxf3 Bd6 13. d4 O-O-O 14. O-O e5
15. dxe5 Bxe5 16. Be3 Rhe8 17. Qc4 Bxb2 18. Rae1 Nd5 19. Bxa7 Rxe1 20. Rxe1 Qa5
21. Rb1 Qxa7 22. Rxb2 Qa5 23. Qg4+ Kb8 24. c4 Nf6 25. Qxg7 Qc3 26. Rb3 Qe1+ 27.
Kg2 Rd2 28. Qf8+ Kc7 29. Qxf7+ Nd7 30. Qf4+ Ne5 31. Bh5 Qa1 32. Qxd2 1-0

[Event "Transnational Crown"]
[Site "Montreal CAN"]
[Date "2023.06.10"]
[Round "7.9"]
[White "Heimann, Mark"]
[Black "Cruz, Cristhian"]
[Result "1-0"]
[WhiteElo "2426"]
[BlackElo "2522"]
[PlyCount "63"]
[EventDate "2023.06.06"]
[EventType "swiss"]
[EventRounds "9"]
[EventCountry "CAN"]

1. e4 c5 2. Nf3 Nc6 3. d4 cxd4 4. Nxd4 Nf6 5. Nc3 d6 6. Bg5 e6 7. Qd3 Be7 8.
O-O-O O-O 9. f4 Qb6 10. Nxc6 bxc6 11. e5 dxe5 12. fxe5 Nd5 13. h4 Qc7 14. Bxe7
Qxe7 15. Ne4 a5 16. Ng5 f5 17. exf6 gxf6 18. Ne4 e5 19. Qc4 Be6 20. Qc5 Qxc5
21. Nxc5 Bg4 22. Rd2 Kh8 23. Bc4 Nf4 24. Nd7 Bxd7 25. Rxd7 Rad8 26. Ra7 Nxg2
27. Rg1 Ne3 28. Bd3 e4 29. Bxe4 f5 30. Bxc6 Rg8 31. Rxg8+ Kxg8 32. Ra8 1-0

[Event "Transnational Crown"]
[Site "Montreal CAN"]
[Date "2023.06.10"]
[Round "7.10"]
[White "Msellek, Ilyass"]
[Black "Almeida Quintana, Omar"]
[Result "1/2-1/2"]
[WhiteElo "2405"]
[BlackElo "2520"]
[PlyCount "79"]
[EventDate "2023.06.06"]
[EventType "swiss"]
[EventRounds "9"]
[EventCountry "CAN"]

1. e4 g6 2. d4 Bg7 3. Nc3 d6 4. Be3 a6 5. h4 h6 6. Nh3 Nf6 7. f3 b5 8. Qd2 Nbd7
9. O-O-O Nb6 10. Nf4 e6 11. g4 Bb7 12. Qf2 b4 13. Nb1 Nfd7 14. Nd2 Qe7 15. Nd3
a5 16. f4 f5 17. Bg2 Nf6 18. gxf5 gxf5 19. Qe2 fxe4 20. Nf2 Ba6 21. Qe1 d5 22.
Nb3 Nbd7 23. Bh3 a4 24. Nc5 Nxc5 25. dxc5 Nd7 26. Rg1 Bf6 27. Ng4 Bg7 28. Nf2
b3 29. axb3 axb3 30. Rxg7 Qxg7 31. Bd4 Qf8 32. Bxe6 Qxf4+ 33. Kb1 bxc2+ 34.
Kxc2 e3 35. Bxe3 Qc4+ 36. Kb1 Bb7 37. Bd4 Qa2+ 38. Kc1 Qc4+ 39. Kb1 Qa2+ 40.
Kc1 1/2-1/2

[Event "Transnational Crown"]
[Site "Montreal CAN"]
[Date "2023.06.10"]
[Round "7.12"]
[White "Han, Johnathan"]
[Black "Ortiz Suarez, Isan Reynaldo"]
[Result "1/2-1/2"]
[WhiteElo "2140"]
[BlackElo "2503"]
[PlyCount "59"]
[EventDate "2023.06.06"]
[EventType "swiss"]
[EventRounds "9"]
[EventCountry "CAN"]

1. e4 c5 2. Nf3 d6 3. d4 cxd4 4. Nxd4 Nf6 5. Nc3 a6 6. Bg5 Nbd7 7. Qe2 e6 8.
O-O-O b5 9. a3 Qc7 10. g4 Rb8 11. f4 Be7 12. Bh4 h6 13. Bg2 b4 14. axb4 Rxb4
15. Be1 Qb6 16. Bf2 Rxb2 17. Ndb5 Qa5 18. Kxb2 Qb4+ 19. Kc1 axb5 20. Kd2 O-O
21. Rb1 Qa5 22. Qxb5 Qc7 23. h3 Rd8 24. Bb6 Nxb6 25. Qxb6 Qd7 26. Qb5 Qc7 27.
Qb6 Qd7 28. Qb5 Qc7 29. Qb6 Qd7 30. Qb5 1/2-1/2

[Event "Transnational Crown"]
[Site "Montreal CAN"]
[Date "2023.06.10"]
[Round "7.14"]
[White "Lenderman, Alexandr"]
[Black "Sambuev, Bator"]
[Result "1/2-1/2"]
[WhiteElo "2566"]
[BlackElo "2488"]
[PlyCount "29"]
[EventDate "2023.06.06"]
[EventType "swiss"]
[EventRounds "9"]
[EventCountry "CAN"]

1. d4 d5 2. c4 e6 3. Nf3 Nf6 4. Nc3 Be7 5. g3 dxc4 6. Qa4+ Nbd7 7. Bg2 a6 8.
Ne5 O-O 9. Qxc4 c5 10. Nxd7 Nxd7 11. Qd3 Nf6 12. dxc5 Qxd3 13. exd3 Bxc5 14.
O-O Ra7 15. Rd1 1/2-1/2

[Event "Transnational Crown"]
[Site "Montreal CAN"]
[Date "2023.06.10"]
[Round "7.15"]
[White "Szabo, Gergely-Andras-Gyul"]
[Black "Tanaka, Tyler"]
[Result "1-0"]
[WhiteElo "2504"]
[BlackElo "2315"]
[PlyCount "61"]
[EventDate "2023.06.06"]
[EventType "swiss"]
[EventRounds "9"]
[EventCountry "CAN"]

1. d4 d5 2. Nf3 Nf6 3. e3 g6 4. Nbd2 Bg7 5. b4 O-O 6. c4 c6 7. a4 Ne4 8. Bb2
Bg4 9. Qb3 Bxf3 10. Nxf3 e6 11. Bd3 Nd7 12. O-O g5 13. cxd5 cxd5 14. Bxe4 dxe4
15. Nd2 Nf6 16. Rac1 Qd5 17. Qc2 g4 18. b5 Rfd8 19. Ba3 Rd7 20. Qb1 b6 21. Rc6
h5 22. Rfc1 h4 23. g3 h3 24. Kf1 Qf5 25. Bd6 Bh6 26. Ke2 Rad8 27. Be5 Rd5 28.
Bxf6 Qxf6 29. Rc8 e5 30. Qxe4 exd4 31. Qxd5 1-0

[Event "Transnational Crown"]
[Site "Montreal CAN"]
[Date "2023.06.10"]
[Round "7.17"]
[White "Krishnan, Varun"]
[Black "Johnson, Donald"]
[Result "1-0"]
[WhiteElo "2378"]
[BlackElo "2160"]
[PlyCount "97"]
[EventDate "2023.06.06"]
[EventType "swiss"]
[EventRounds "9"]
[EventCountry "CAN"]

1. e4 c5 2. Nf3 d6 3. d4 cxd4 4. Nxd4 Nf6 5. Nc3 a6 6. Be3 e5 7. Nf3 Be7 8. Bc4
Be6 9. Bb3 O-O 10. O-O h6 11. Nd5 Nbd7 12. Qd3 Rc8 13. Nxf6+ Nxf6 14. Bxe6 fxe6
15. Qb3 Qd7 16. Rad1 d5 17. exd5 exd5 18. Nxe5 Qf5 19. Nf3 Qxc2 20. Qxb7 Rc7
21. Qxa6 Qxb2 22. Nd4 Qb7 23. Qd3 Qc8 24. Nf5 Qe6 25. Rfe1 Ng4 26. Nxe7+ Rxe7
27. h3 Nf6 28. Bd2 Qd6 29. a4 Ne4 30. Be3 Ra8 31. Qb3 Nf6 32. Ra1 Kh8 33. Red1
Re4 34. Bd4 Qf4 35. Qb2 Nh5 36. a5 Qg5 37. Be3 Nf4 38. Bxf4 Rxf4 39. a6 Qf6 40.
Qb7 Qf8 41. a7 Rxf2 42. Qxa8 Rxg2+ 43. Kxg2 Qxa8 44. Rdb1 d4+ 45. Kh2 Kh7 46.
Rb8 Qf3 47. a8=Q Qf2+ 48. Kh1 Qf3+ 49. Qxf3 1-0